Welcome to CU Library Online Public Access Catalogue (OPAC)

Theory of Structures (Record no. 8402)

MARC details
000 -LEADER
fixed length control field 00583nam a22001817a 4500
005 - DATE AND TIME OF LATEST TRANSACTION
control field 20251128112739.0
008 - FIXED-LENGTH DATA ELEMENTS--GENERAL INFORMATION
fixed length control field 251128b |||||||| |||| 00| 0 eng d
020 ## - INTERNATIONAL STANDARD BOOK NUMBER
International Standard Book Number 9788170086185
050 ## - LIBRARY OF CONGRESS CALL NUMBER
Classification number TA645 PUN
100 ## - MAIN ENTRY--PERSONAL NAME
Personal name Punmia, B. C.
245 ## - TITLE STATEMENT
Title Theory of Structures
Remainder of title entirely in S. I. Units
Statement of responsibility, etc. B. C. Punmia, Ashok Kumar Jain & Arun Kumar Jain
250 ## - EDITION STATEMENT
Edition statement 12th ed.
Remainder of edition statement revised and enlarged
260 ## - PUBLICATION, DISTRIBUTION, ETC.
Place of publication, distribution, etc. New Delhi
Name of publisher, distributor, etc. Laxmi Publications Limited
Date of publication, distribution, etc. 2004
300 ## - PHYSICAL DESCRIPTION
Extent xiv. 648p.
Other physical details ill.
Dimensions 24cm
700 ## - ADDED ENTRY--PERSONAL NAME
Personal name Jain, Ashok Kumar
700 ## - ADDED ENTRY--PERSONAL NAME
Personal name Jain, Arun Kumar
942 ## - ADDED ENTRY ELEMENTS (KOHA)
Source of classification or shelving scheme Library of Congress Classification
Koha item type Books
Edition 12th ed.
Suppress in OPAC No
999 ## -
-- 8402
-- 8402
Holdings
Withdrawn status Lost status Source of classification or shelving scheme Damaged status Not for loan Collection Home library Current library Shelving location Date acquired Total checkouts Full call number Barcode Date last seen Copy number Price effective from Koha item type
    Library of Congress Classification     Non-fiction Science Library (Miotso) Science Library (Miotso) General stacks 11/28/2025   TA645 PUN SLM00006290 11/28/2025 1 11/28/2025 Books
    Library of Congress Classification     Non-fiction Science Library (Miotso) Science Library (Miotso) General stacks 11/28/2025   TA645 PUN SLM00006291 11/28/2025 2 11/28/2025 Books
    Library of Congress Classification     Non-fiction Science Library (Miotso) Science Library (Miotso) General stacks 11/28/2025   TA645 PUN SLM00006292 11/28/2025 3 11/28/2025 Books
    Library of Congress Classification     Non-fiction Science Library (Miotso) Science Library (Miotso) General stacks 11/28/2025   TA645 PUN SLM00006293 11/28/2025 4 11/28/2025 Books
© 2023-2024 Copyright: Central University Libraries. All Rights Reserved | Created by: Mahone Tech Office